header

Casebook in child behavior disorders / (Record no. 265727)

MARC details
000 -LEADER
fixed length control field 01088cam a2200313 a 4500
001 - CONTROL NUMBER
control field 1198951
003 - CONTROL NUMBER IDENTIFIER
control field OSt
005 - DATE AND TIME OF LATEST TRANSACTION
control field 20260121115008.0
008 - FIXED-LENGTH DATA ELEMENTS--GENERAL INFORMATION
fixed length control field 980616s1999 cau b 001 0 eng
010 ## - LIBRARY OF CONGRESS CONTROL NUMBER
LC control number 98029815
020 ## - INTERNATIONAL STANDARD BOOK NUMBER
International Standard Book Number 053434643X
Qualifying information pbk.
035 ## - SYSTEM CONTROL NUMBER
System control number 1198951
040 ## - CATALOGING SOURCE
Original cataloging agency DLC
Transcribing agency DLC
Modifying agency DLC
050 00 - LIBRARY OF CONGRESS CALL NUMBER
Classification number RJ499
Item number .K38 1999
082 00 - DEWEY DECIMAL CLASSIFICATION NUMBER
Classification number 618.92/89
Edition number 21
100 1# - MAIN ENTRY--PERSONAL NAME
Personal name Kearney, Christopher A.
245 10 - TITLE STATEMENT
Title Casebook in child behavior disorders /
Statement of responsibility, etc Christopher A. Kearney.
260 ## - PUBLICATION, DISTRIBUTION, ETC. (IMPRINT)
Place of publication, distribution, etc Belmont, Calif. :
Name of publisher, distributor, etc Brooks/Cole-Wadsworth,
Date of publication, distribution, etc c1999.
300 ## - PHYSICAL DESCRIPTION
Extent xii, 226 p. ;
Dimensions 23 cm.
336 ## - CONTENT TYPE
Content type term text
Content type code txt
Source rdacontent
337 ## - MEDIA TYPE
Media type term unmediated
Media type code n
Source rdamedia
338 ## - CARRIER TYPE
Carrier type term volume
Carrier type code nc
Source rdacarrier
504 ## - BIBLIOGRAPHY, ETC. NOTE
Bibliography, etc Includes bibliographical references and index.
650 #0 - SUBJECT ADDED ENTRY--TOPICAL TERM
Topical term or geographic name as entry element Child psychopathology
General subdivision Case studies.
906 ## - LOCAL DATA ELEMENT F, LDF (RLIN)
a 7
b cbc
c orignew
d 1
e ocip
f 19
g y-gencatlg
942 ## - ADDED ENTRY ELEMENTS (KOHA)
Source of classification or shelving scheme Library of Congress Classification
Koha item type Long Loan Books
Holdings
Withdrawn status Lost status Source of classification or shelving scheme Damaged status Not for loan Collection code Home library Current library Shelving location Date acquired Source of acquisition Total Checkouts Full call number Barcode Date last seen Price effective from Koha item type
    Library of Congress Classification     Non-fiction Rongo University Library Rongo University Library General Stacks 21/01/2026 Books for Africa, Donation   RJ499 .K38 1999 20260736 21/01/2026 21/01/2026 Long Loan Books

© 2026 Rongo University
Contact us: librarian | system librarian | Rongo university